|
|
|
|
| LEADER |
02175nam a22003974a 4500 |
| 001 |
34627 |
| 003 |
BD-DhAAL |
| 005 |
20211111124443.0 |
| 008 |
190506r20182013nyua b 001 0 eng d |
| 999 |
|
|
|c 40718
|d 40718
|
| 010 |
|
|
|a 2011047732
|
| 020 |
|
|
|a 9781259064753
|
| 020 |
|
|
|a 1259064751
|
| 020 |
|
|
|a 9780073376226 (alk. paper)
|
| 040 |
|
|
|a DLC
|c DLC
|d DLC
|d BD-DhAAL
|
| 042 |
|
|
|a pcc
|
| 050 |
0 |
0 |
|a TK5105
|b .F6617 2013
|
| 082 |
0 |
0 |
|a 004.6
|2 23
|
| 100 |
1 |
|
|a Forouzan, Behrouz A.
|9 31522
|
| 245 |
1 |
0 |
|a Data communications and networking /
|c Behrouz A. Forouzan.
|
| 250 |
|
|
|a Fifth edition
|
| 260 |
|
|
|a New York, NY :
|b McGraw-Hill,
|c c2013 [reprinted 2018]
|
| 300 |
|
|
|a xxxviii, 1226 pages :
|b illustrations ;
|c 24 cm.
|
| 504 |
|
|
|a Includes bibliographical references and index.
|
| 526 |
|
|
|a CSE
|
| 541 |
|
|
|a Mullick & Brothers, Hye Trade International
|e 34627, 36511, 36512, 36513, 36514
|
| 650 |
|
0 |
|a Data transmission systems.
|9 31523
|
| 650 |
|
0 |
|a Computer networks.
|9 31524
|
| 650 |
|
0 |
|a Computer science
|9 42563
|
| 852 |
|
|
|a Ayesha Abed Library
|c General Stacks
|
| 942 |
|
|
|2 ddc
|c BK
|
| 952 |
|
|
|0 0
|1 0
|2 ddc
|4 0
|6 004_600000000000000_FOR
|7 0
|9 65404
|a BRACUL
|b BRACUL
|c GEN
|d 2019-04-24
|e Mullick & Brothers
|g 930.00
|l 28
|m 160
|o 004.6 FOR
|p 3010034627
|r 2026-05-15
|s 2026-03-31
|t 1
|v 930.00
|w 2019-04-24
|y BK
|
| 952 |
|
|
|0 0
|1 0
|2 ddc
|4 0
|6 004_600000000000000_FOR
|7 0
|9 66878
|a BRACUL
|b BRACUL
|c GEN
|d 2019-10-21
|e Hye Trade International
|g 1077.00
|l 34
|m 138
|o 004.6 FOR
|p 3010036513
|q 2026-04-12
|r 2026-02-23
|s 2026-02-23
|t 4
|v 1077.00
|w 2019-10-21
|y BK
|
| 952 |
|
|
|0 0
|1 0
|2 ddc
|4 0
|6 004_600000000000000_FOR
|7 0
|9 66879
|a BRACUL
|b BRACUL
|c GEN
|d 2019-10-21
|e Hye Trade International
|g 1077.00
|l 18
|m 128
|o 004.6 FOR
|p 3010036512
|r 2026-05-13
|s 2026-02-26
|t 3
|v 1077.00
|w 2019-10-21
|y BK
|
| 952 |
|
|
|0 0
|1 0
|2 ddc
|4 0
|6 004_600000000000000_FOR
|7 0
|9 66880
|a BRACUL
|b BRACUL
|c CIR
|d 2019-10-21
|e Hye Trade International
|g 1077.00
|l 15
|m 3
|o 004.6 FOR
|p 3010036514
|r 2025-11-19
|s 2025-11-19
|t 5
|v 1077.00
|w 2019-10-21
|y 1HOUR
|
| 952 |
|
|
|0 0
|1 0
|2 ddc
|4 0
|6 004_600000000000000_FOR
|7 0
|9 66881
|a BRACUL
|b BRACUL
|c GEN
|d 2019-10-21
|e Hye Trade International
|g 1077.00
|l 25
|m 125
|o 004.6 FOR
|p 3010036511
|r 2026-05-14
|s 2026-05-10
|t 2
|v 1077.00
|w 2019-10-21
|y BK
|